000 00310nam a22001337a 4500
008 181023b xxu||||| |||| 00| 0 eng d
020 _a9780972004404
041 _aeng
080 _a336
100 _a56
101 _aFin
245 _aFinancial Peace For The Next Generation
_cDave.R
942 _2udc
_cBK
999 _c50631
_d50631